00254 a2200109 4500001000700000020000600007040001100013100002600024240004500050245004000095362000900135169842 a  cMagnum aPaiva, Vanilda (Org.)10aA atualidade da escola de frankfurtlpor10aA atualidade da escola de frankfurt0 a1899